China and international environmental liability : (Record no. 532584)
[ view plain ]
| 000 -LEADER | |
|---|---|
| fixed length control field | 02727cam a22003854a 4500 |
| 001 - CONTROL NUMBER | |
| control field | 15361391 |
| 003 - CONTROL NUMBER IDENTIFIER | |
| control field | NUST |
| 005 - DATE AND TIME OF LATEST TRANSACTION | |
| control field | 20191126110012.0 |
| 008 - FIXED-LENGTH DATA ELEMENTS--GENERAL INFORMATION | |
| fixed length control field | 080710s2008 enkab b 001 0 eng |
| 010 ## - LIBRARY OF CONGRESS CONTROL NUMBER | |
| LC control number | 2008932879 |
| 020 ## - INTERNATIONAL STANDARD BOOK NUMBER | |
| International Standard Book Number | 9781847207524 (hbk.) |
| 020 ## - INTERNATIONAL STANDARD BOOK NUMBER | |
| International Standard Book Number | 1847207529 (hbk.) |
| 035 ## - SYSTEM CONTROL NUMBER | |
| System control number | (OCoLC)ocn213310387 |
| 038 ## - RECORD CONTENT LICENSOR | |
| Staff Name | MSOHAIL |
| 040 ## - CATALOGING SOURCE | |
| Original cataloging agency | Uk |
| Transcribing agency | Uk |
| Modifying agency | BTCTA |
| -- | YDXCP |
| -- | BAKER |
| -- | BWKUK |
| -- | BWK |
| -- | NLGGC |
| -- | BWX |
| -- | UCDLL |
| -- | OCLCA |
| -- | CDX |
| -- | AGL |
| -- | OWT |
| -- | DLC |
| 042 ## - AUTHENTICATION CODE | |
| Authentication code | lccopycat |
| 043 ## - GEOGRAPHIC AREA CODE | |
| Geographic area code | a-cc--- |
| 050 00 - LIBRARY OF CONGRESS CALL NUMBER | |
| Classification number | K3585 |
| Item number | .C459 2008 |
| 082 04 - DEWEY DECIMAL CLASSIFICATION NUMBER | |
| Classification number | 344.510463 |
| Edition number | 22 |
| 084 ## - OTHER CLASSIFICATION NUMBER | |
| Classification number | 86.75 |
| Number source | bcl |
| 245 00 - TITLE STATEMENT | |
| Title | China and international environmental liability : |
| Remainder of title | legal remedies for transboundary pollution / |
| Statement of responsibility, etc. | edited by Michael Faure and Song Ying. |
| 260 ## - PUBLICATION, DISTRIBUTION, ETC. | |
| Place of publication, distribution, etc. | Cheltenham, UK ; |
| -- | Northampton, MA : |
| Name of publisher, distributor, etc. | Edward Elgar, |
| Date of publication, distribution, etc. | c2008. |
| 300 ## - PHYSICAL DESCRIPTION | |
| Extent | xx, 360 p. : |
| Other physical details | ill., maps ; |
| Dimensions | 25 cm. |
| 490 1# - SERIES STATEMENT | |
| Series statement | New horizons in environmental law |
| 504 ## - BIBLIOGRAPHY, ETC. NOTE | |
| Bibliography, etc. note | Includes bibliographical references and index. |
| 505 0# - FORMATTED CONTENTS NOTE | |
| Formatted contents note | Introduction and editorial preface / Michael Faure and Song Ying -- Cluster-litigation in cases of transboundary environmental harm / André Nollkaemper -- The role of international conventions in solving transboundary pollution disputes / James Harrison -- Transboundary vessel-source marine pollution: international legal framework and its application to China / Wang Hui -- ILC proposal on the role of origin state in transboundary damage / Gou Haibo -- Applying national liability law to transboundary pollution: some lessons from Europe and the United States / Michael Faure and Gerrit Betlem -- The joint governance of transboundary river basins: some observations on the role of law / Marjan Peeters -- A new look at environmental impact assessments: using customary law to prevent domestic and transboundary environmental damage -- Transboundary environmental crimes: an analysis of Chinese and European law / Thomas Richter -- Reflections from the transboundary pollution of Songhua River / Wang Jin, Huang Chiachen and Yan Houfu -- Pondering over the incident of Songhua River pollution from the perspective of environmental law / Wang Canfa, Yu Wen-xuan, Li Dan and Li Jun-hong -- Comparative and concluding remarks / Michael Faure and Song Ying. |
| 650 #0 - SUBJECT ADDED ENTRY--TOPICAL TERM | |
| Topical term or geographic name entry element | Environmental law, International. |
| 9 (RLIN) | 26189 |
| 650 #0 - SUBJECT ADDED ENTRY--TOPICAL TERM | |
| Topical term or geographic name entry element | Transboundary pollution |
| General subdivision | Law and legislation |
| Geographic subdivision | China. |
| 9 (RLIN) | 26190 |
| 700 1# - ADDED ENTRY--PERSONAL NAME | |
| Personal name | Faure, Michael |
| Fuller form of name | (Michael G.) |
| 9 (RLIN) | 26191 |
| 700 1# - ADDED ENTRY--PERSONAL NAME | |
| Personal name | Song, Ying, |
| Dates associated with a name | 1960- |
| 9 (RLIN) | 26192 |
| 830 #0 - SERIES ADDED ENTRY--UNIFORM TITLE | |
| Uniform title | New horizons in environmental law series. |
| 9 (RLIN) | 26193 |
| 906 ## - LOCAL DATA ELEMENT F, LDF (RLIN) | |
| a | 7 |
| b | cbc |
| c | copycat |
| d | 2 |
| e | ncip |
| f | 20 |
| g | y-gencatlg |
| 942 ## - ADDED ENTRY ELEMENTS (KOHA) | |
| Source of classification or shelving scheme | |
| Koha item type | Book |
| Withdrawn status | Lost status | Source of classification or shelving scheme | Damaged status | Not for loan | Permanent Location | Current Location | Date acquired | Total Checkouts | Full call number | Barcode | Date last seen | Price effective from | Koha item type |
|---|---|---|---|---|---|---|---|---|---|---|---|---|---|
| School of Civil and Environmental Engineering (SCEE) | School of Civil and Environmental Engineering (SCEE) | 11/26/2019 | 344.510463 | NIT-12441 | 11/26/2019 | 11/26/2019 | Book |
